39 - Né(es) un 8 février - Statistiques

Statistiques générales
  • Ce quiz a été pris 13 fois
  • Le résultat moyen est 6 sur 15
Statistiques - réponses
Hint Année de naissance Réponse % Correct
Auteur français de "Vingt Mille Lieues sous les mers", "Voyage au centre de la Terre", "De la Terre à la Lune", "Le Tour du monde en quatre-vingts jours", "L'Île mystérieuse". 1828 Jules Verne
100%
Chimiste russe connu pour son travail sur la classification périodique des éléments, publiée en 1869-1870. 1834 Dmitri Ivanovitch Mendeleïev
82%
Acteur américain. Vu dans "À l'est d'Eden" (1955), "La Fureur de vivre"(1955), "Géant" (1956). 1931 James Dean
73%
Compositeur de musique de films américain. Parmi ses oeuvres: "Star Wars", "Indiana Jones", "Munich", "E.T., l'extra-terrestre", "Rencontres du troisième type", "Harry Potter". 1932 John Towner Williams
73%
Acteur français. Sociétaire de la Comédie-Française. A réalisé "Les Garçons et Guillaume, à table !" sorti en 2013. 1972 Guillaume Gallienne
64%
Acteur français. A reçu deux César. Meilleur acteur en 1993 pour "Le Souper". César d'honneur en 2002. Vu dans "Les Tontons flingueurs", "Paris brûle-t-il ?", "Je t'aime, je t'aime", "La Bûche", "Astérix et Obélix : Mission Cléopâtre". 1929 Claude Rich
36%
Joueur de football international bulgare. Ballon d'or en 1994. 1966 Hristo Stoitchkov
27%
Acteur français. Molière pour Rouge en 2020. A reçu le César du meilleur acteur dans un second rôle, pour "De battre mon cœur s'est arrêté", "Un prophète" et "Quai d'Orsay". 1949 Niels Arestrup
27%
Acteur français. Vu dans "Les Chevaliers du ciel" dans le role d'Ernest Laverdure. 1929 Christian Bernard Georges Marin
18%
Acteur américain. Connu pour son rôle dans la série "Arnold et Willy" dans laquelle il jouait Arnold. 1968 Gary Wayne Coleman
18%
Acteur américain. Vu dans "Certains l'aiment chaud", "La Garçonnière", "Irma la Douce", "Permission jusqu'à l'aube", "Sauvez le tigre", "Missing", "JFK", "Le syndrome chinois", "Glengarry Glen Ross". 1925 Jack Lemmon
18%
Économiste et professeur en science politique autrichien naturalisé américain. Connu pour la théorie de la "destruction créatice". 1883 Joseph Aloïs Schumpeter
18%
Mathématicien suisse. A laissé son nom à un théorème relatif à un principe de conservation de l'énergie sous certaines hypothèses de l'écoulement. 1700 Daniel Bernoulli
9%
Révolutionnaire socialiste français. Publia le journal "Ni Dieu ni Maître" en 1880. Surnommé "l'Enfermé". 1805 Louis Auguste Blanqui
0%
Calviniste connu pour "Les Tragiques". Compagnon d'armes d'Henri IV. 1552 Théodore Agrippa d'Aubigné|d'Aubigné
0%
Aucun quiz correspondant
Distribution des résultats
% des personnes avec chaque résultat
Percentile par nombre de réponses
Votre historique - résultats
Vous n’avez pas pris ce quiz